[Event "Dundee & Angus Minor"]
[Site "?"]
[Date "2013.10.12"]
[Round "2"]
[White "Volland, Ben"]
[Black "Forbes, Graeme"]
[Result "1-0"]
[WhiteElo "1090"]
[BlackElo "1200"]
[PlyCount "79"]
[EventDate "2013.??.??"]

1. e4 d5 2. exd5 Nf6 3. Nc3 Nxd5 4. Bc4 Nb6 5. Bb3 c5 6. Qe2 Bd7 7. d3 e6 8.
Nf3 Bd6 9. Be3 O-O 10. Ne4 Be7 11. Bxc5 Bxc5 12. Nxc5 Re8 13. Nxd7 N8xd7 14.
O-O Qf6 15. c3 Nc5 16. Qc2 Rad8 17. d4 Nxb3 18. axb3 a6 19. Qe4 Re7 20. Qh4
Qxh4 21. Nxh4 Rd5 22. Nf3 Rb5 23. Nd2 Rd7 24. Rfd1 Rf5 25. Nc4 Nd5 26. Ra5 Kf8
27. b4 b5 28. Ne3 Nxe3 29. fxe3 Rd6 30. Rda1 Ke7 31. Rxa6 Rd7 32. Ra7 Rfd5 33.
Rxd7+ Rxd7 34. Ra5 Rb7 35. h3 g6 36. Kf2 f5 37. Ke2 h6 38. Ra1 Kd6 39. Rb1 e5
40. c4 {#i} 1-0

[Event "Dundee & Angus Minor"]
[Site "?"]
[Date "2013.10.12"]
[Round "3"]
[White "Howie, Colin"]
[Black "Cutting, Ronnie"]
[Result "1/2-1/2"]
[WhiteElo "1346"]
[BlackElo "1146"]
[PlyCount "46"]
[EventDate "2013.??.??"]

1. e4 g6 2. d4 Bg7 3. Bf4 d6 4. c3 a6 5. Nf3 b5 6. Nbd2 Nd7 7. c4 c6 8. Be2 Bb7
9. O-O Ngf6 10. cxb5 cxb5 11. e5 dxe5 12. Nxe5 O-O 13. Nxd7 Qxd7 14. Bf3 Nd5
15. Bxd5 Bxd5 16. Be5 f6 17. Bg3 Rac8 18. Re1 e6 19. Nb3 Bxb3 20. Qxb3 Rfe8 21.
Rac1 Qd5 22. Qxd5 exd5 23. Rxe8+ Rxe8 1/2-1/2

[Event "Dundee & Angus Minor"]
[Site "?"]
[Date "2013.10.12"]
[Round "3"]
[White "Forbes, Graeme"]
[Black "DePasquale, Duncan"]
[Result "1-0"]
[WhiteElo "1200"]
[BlackElo "864"]
[PlyCount "73"]
[EventDate "2013.??.??"]

1. e4 e5 2. Nf3 Nc6 3. d4 exd4 4. c3 dxc3 5. Bc4 h6 6. Nxc3 Nf6 7. O-O Bc5 8.
Qb3 O-O 9. Bf4 d6 10. Rad1 Bg4 11. Rd3 b6 12. e5 Nd7 13. Bd5 Ndb8 14. e6 fxe6
15. Bxe6+ Bxe6 16. Qxe6+ Kh7 17. Nd5 Qd7 18. Qe4+ Kh8 19. Nh4 Kg8 20. Rg3 Qf7
21. Bxh6 Bd4 22. Rf3 Qe8 23. Rxf8+ Qxf8 24. Ng6 Qf7 25. Nge7+ Nxe7 26. Nxe7+
Kf8 27. Qxa8 Kxe7 28. Bg5+ Kd7 29. Qxb8 Ke6 30. Re1+ Kd5 31. Qb7+ Kc5 32. Rc1+
Kb5 33. Qc6+ Ka6 34. Bh4 Qxa2 35. Qc4+ Qxc4 36. Rxc4 Bxb2 37. Rxc7 {#r} 1-0

[Event "Dundee & Angus Minor"]
[Site "?"]
[Date "2013.10.12"]
[Round "3"]
[White "McCulloch, Andrew"]
[Black "Cubitt, David"]
[Result "1/2-1/2"]
[WhiteElo "1104"]
[BlackElo "1326"]
[PlyCount "69"]
[EventDate "2013.??.??"]

1. d4 d5 2. Nf3 Nf6 3. e3 Bg4 4. Be2 e6 5. O-O Be7 6. Nbd2 c5 7. c3 O-O 8. b3
cxd4 9. cxd4 Nc6 10. a4 Rc8 11. Ba3 Bxa3 12. Rxa3 Nb4 13. Ra1 Qd6 14. Nh4 Bxe2
15. Qxe2 Rc2 16. Nhf3 Ne4 17. Rfc1 Rfc8 18. Rxc2 Rxc2 19. Qe1 Nxd2 20. Nxd2 Qc7
21. Qd1 Qc3 22. Nf3 Qxb3 23. Rb1 Qd3 24. Qe1 Qc3 25. Kf1 Qxe1+ 26. Nxe1 Rc4 27.
Nf3 a5 28. Ne5 Rc2 29. Nd7 Rc7 30. Ne5 f6 31. Nf3 Nd3 32. Ke2 Nb4 33. Ne1 Na2
34. Kd2 Nb4 35. g3 {#d} 1/2-1/2

[Event "Dundee & Angus Minor"]
[Site "?"]
[Date "2013.10.12"]
[Round "3"]
[White "Smith, Mark"]
[Black "Coope, Derek"]
[Result "1-0"]
[WhiteElo "1046"]
[BlackElo "1332"]
[PlyCount "69"]
[EventDate "2013.??.??"]

1. e4 b6 2. d4 d6 3. Bc4 e6 4. Nf3 Bb7 5. d5 exd5 6. exd5 Qe7+ 7. Be3 Nf6 8.
O-O Qd8 9. Re1 Be7 10. Nc3 O-O 11. Bg5 Re8 12. Qe2 Nbd7 13. Rad1 a6 14. b4 b5
15. Bb3 Qc8 16. a4 bxa4 17. Bxa4 Bf8 18. Qd2 Rxe1+ 19. Rxe1 g6 20. Bh6 Bg7 21.
Bb3 Qf8 22. Bg5 Ng4 23. Re7 Bc8 24. Qe2 Ngf6 25. Bxf6 Nxf6 26. Rxc7 Bg4 27. Rc6
Re8 28. Qxa6 Bxf3 29. gxf3 Nh5 30. Ne4 Qe7 31. Rc8 f5 32. Qa8 Kf7 33. Rxe8 Qh4
34. Nxd6+ Kf6 35. Qd8# 1-0

[Event "Dundee & Angus Minor"]
[Site "?"]
[Date "2013.10.12"]
[Round "3"]
[White "Volland, Ben"]
[Black "Alomenu, Gilbert"]
[Result "1-0"]
[WhiteElo "1090"]
[BlackElo "1208"]
[PlyCount "77"]
[EventDate "2013.??.??"]

1. e4 e5 2. Nf3 Nf6 3. Nc3 Nc6 4. Bc4 Nxe4 5. Nxe4 d5 6. Bxd5 Qxd5 7. Nc3 Qa5
8. O-O Bg4 9. h3 Bxf3 10. Qxf3 O-O-O 11. d3 Nd4 12. Qd1 Bd6 13. Be3 f5 14. f4
Rhe8 15. Bxd4 exd4 16. Ne2 Qd5 17. Qd2 g5 18. b3 gxf4 19. Nxf4 Bxf4 20. Qxf4
Kb8 21. Qxf5 Qc6 22. Qxh7 a6 23. Rac1 Rh8 24. Qe4 Qh6 25. c3 Rhe8 26. Qf4 Qxf4
27. Rxf4 dxc3 28. Rxc3 Re1+ 29. Kf2 Rde8 30. Re4 R1xe4 31. dxe4 Rxe4 32. g4 Rd4
33. Re3 Rd2+ 34. Re2 Rd4 35. g5 Rf4+ 36. Kg3 Rd4 37. Rg2 Rd3+ 38. Kh2 Rd6 39.
g6 1-0

[Event "Dundee & Angus Minor"]
[Site "?"]
[Date "2013.10.12"]
[Round "3"]
[White "Watson, Dave"]
[Black "D'Costa, Leston"]
[Result "1-0"]
[WhiteElo "1222"]
[BlackElo "1042"]
[PlyCount "91"]
[EventDate "2013.??.??"]

1. e4 c5 2. Nc3 Nc6 3. Nf3 g6 4. Bc4 Bg7 5. d3 e6 6. O-O Nge7 7. Bg5 Na5 8. Qd2
Nxc4 9. dxc4 O-O 10. Bh6 Qa5 11. Bxg7 Kxg7 12. Qd6 Re8 13. Qe5+ f6 14. Qg3 Qb4
15. e5 Ng8 16. exf6+ Nxf6 17. Nb5 Rf8 18. Nc7 Rb8 19. Nxe6+ dxe6 20. Qxb8 Qxc4
21. c3 Qe2 22. Rab1 Kg8 23. Qxa7 Ne4 24. Rbe1 Qd3 25. Re3 Qd5 26. Qa4 c4 27.
Rd1 Qf5 28. Qxc4 Ng5 29. h4 Qc2 30. Red3 Nxf3+ 31. gxf3 Qe2 32. Qe4 Qxe4 33.
fxe4 e5 34. Rd8 Be6 35. Rxf8+ Kxf8 36. Rd8+ Ke7 37. Rb8 Bxa2 38. Rxb7+ Ke6 39.
Rxh7 Bb1 40. f3 Kf6 41. b4 g5 42. hxg5+ Kxg5 43. Kf2 Kf6 44. c4 Kg6 45. Rh1 Kf6
46. Rxb1 {#r} 1-0

[Event "Dundee & Angus Minor"]
[Site "?"]
[Date "2013.10.13"]
[Round "4"]
[White "Constance, Tom"]
[Black "Watson, Dave"]
[Result "1-0"]
[WhiteElo "944"]
[BlackElo "1222"]
[PlyCount "143"]
[EventDate "2013.??.??"]

1. d4 d5 2. e3 Nf6 3. Bd3 Nc6 4. Nf3 Bg4 5. Nbd2 e5 6. Be2 e4 7. Ne5 Bd7 8. b3
Bd6 9. Bb2 Qe7 10. f4 Bxe5 11. fxe5 Ng4 12. Bxg4 Qh4+ 13. g3 Qxg4 14. Qxg4 Bxg4
15. Ba3 O-O-O 16. O-O Rd7 17. Rf4 h5 18. Raf1 Be6 19. c4 Nd8 20. cxd5 Rxd5 21.
Nxe4 Ra5 22. Bb2 Rxa2 23. Rb1 Bxb3 24. Rf2 Ra6 25. Nc5 Rb6 26. Ba3 Bd5 27. Rxb6
axb6 28. Nd3 g5 29. Be7 g4 30. Rf1 Nc6 31. Bf6 Rh7 32. Bh4 b5 33. Rb1 Be4 34.
Rb3 Bxd3 35. Rxd3 Na5 36. Be7 c6 37. Bc5 Kc7 38. e4 b6 39. Bb4 Nb7 40. Ra3 Rh8
41. Kf2 h4 42. Ke3 hxg3 43. hxg3 Nd8 44. Kf4 Rg8 45. Ra5 Ne6+ 46. Ke3 Kb7 47.
d5 Nc7 48. dxc6+ Kxc6 49. Ra7 Ra8 50. Rxa8 Nxa8 51. Kf4 Nc7 52. Kxg4 Na6 53.
Ba3 b4 54. Bb2 Nc5 55. Kf5 b3 56. Kf6 Nxe4+ 57. Kxf7 Nxg3 58. e6 Nf5 59. Kf6
Nd6 60. Be5 Ne8+ 61. Kf7 Nc7 62. e7 b5 63. Bxc7 b2 64. e8=Q+ Kxc7 65. Qe5+ Kb6
66. Qxb2 Ka5 67. Ke6 b4 68. Kd5 Kb5 69. Qe2+ Ka4 70. Kc4 b3 71. Qb2 Ka5 72.
Qxb3 {#r} 1-0

[Event "Dundee & Angus Minor"]
[Site "?"]
[Date "2013.10.13"]
[Round "4"]
[White "Cubitt, David"]
[Black "Forbes, Graeme"]
[Result "1/2-1/2"]
[WhiteElo "1326"]
[BlackElo "1200"]
[PlyCount "67"]
[EventDate "2013.??.??"]

1. d4 d5 2. c4 c6 3. Nc3 dxc4 4. a4 Nf6 5. e3 Bf5 6. Bxc4 e6 7. Nf3 Bb4 8. O-O
Bg4 9. h3 Bh5 10. Bd3 Bxc3 11. bxc3 Nbd7 12. Ba3 Nb6 13. g4 Bg6 14. Bxg6 hxg6
15. Kg2 Qc7 16. Kh1 O-O-O 17. Qb3 Nbd5 18. c4 Ne7 19. Ne5 Neg8 20. a5 Ne4 21.
f3 Ng5 22. h4 Nh7 23. g5 Nf8 24. Bc5 Kb8 25. Qb4 f6 26. Nxc6+ Qxc6 27. Bxf8 Rd7
28. c5 Rh5 29. Bd6+ Kc8 30. Bf4 Ne7 31. gxf6 gxf6 32. Bd6 Nd5 33. Qb3 Rdh7 34.
Rab1 {#d} 1/2-1/2

[Event "Dundee & Angus Minor"]
[Site "?"]
[Date "2013.10.13"]
[Round "4"]
[White "D'Costa, Leston"]
[Black "Kearns, Samuel"]
[Result "1-0"]
[WhiteElo "1042"]
[BlackElo "858"]
[PlyCount "35"]
[EventDate "2013.??.??"]

1. e4 e5 2. Nf3 Nc6 3. d4 exd4 4. Nxd4 Nf6 5. Nc3 Bb4 6. Nxc6 bxc6 7. Bd3 d5 8.
Bd2 Bxc3 9. Bxc3 dxe4 10. Bxf6 Qxf6 11. Bxe4 Qe5 12. Qe2 O-O 13. Bxh7+ Kxh7 14.
Qxe5 Bd7 15. O-O-O Be6 16. Rd3 g6 17. b3 Rfe8 18. Rd4 {#r} 1-0

[Event "Dundee & Angus Minor"]
[Site "?"]
[Date "2013.10.13"]
[Round "4"]
[White "McCulloch, Andrew"]
[Black "Alomenu, Gilbert"]
[Result "1-0"]
[WhiteElo "1104"]
[BlackElo "1208"]
[PlyCount "32"]
[EventDate "2013.??.??"]

1. d4 d5 2. Nf3 Nf6 3. Bf4 e6 4. e3 Bd6 5. Bg3 Bxg3 6. hxg3 Nc6 7. c3 b6 8. Bb5
Bb7 9. Ne5 Qd6 10. Qa4 O-O 11. Bxc6 Bxc6 12. Qxc6 Qd8 13. Qa4 Ne4 14. Nd2 Nd6
15. Qd1 f6 16. Qh5 h6 {#i} 1-0

[Event "Dundee & Angus Minor"]
[Site "?"]
[Date "2013.10.13"]
[Round "5"]
[White "Watson, Dave"]
[Black "DePasquale, Duncan"]
[Result "1-0"]
[WhiteElo "1222"]
[BlackElo "864"]
[PlyCount "26"]
[EventDate "2013.??.??"]

1. e4 e5 2. Nf3 Nc6 3. Bc4 Bc5 4. c3 Nf6 5. d3 O-O 6. Bg5 d6 7. Nbd2 Bg4 8. Qe2
Qe7 9. h3 Bh5 10. g4 Bg6 11. h4 Kh8 12. O-O-O Rad8 13. Nb3 h6 {#i} 1-0